仏教徒が多い国・地域 - Statistics

General Stats
  • This quiz has been taken 185 times
  • The average score is 24 of 30
Answer Stats
仏教徒人口 割合 % Correct
日本 4140万 33.20%
100%
中国 2億5,470万 18.30%
99%
タイ 6610万 92.60%
99%
インド 1010万 0.70%
99%
ベトナム 1560万 16.20%
98%
インドネシア 180万 0.70%
98%
韓国 1090万 21.90%
95%
カンボジア 1570万 96.80%
93%
ラオス 460万 64%
93%
マレーシア 520万 15.70%
91%
アメリカ合衆国 420万 1.20%
91%
ミャンマー 4140万 79.80%
89%
モンゴル 170万 54.40%
88%
ネパール 350万 10%
87%
北朝鮮 38万 1.50%
87%
ロシア 17万 0.10%
87%
イギリス 38万 0.60%
86%
フランス 31万 0.50%
85%
バングラデシュ 100万 0.60%
83%
ブータン 62万 74.70%
83%
カナダ 37万 1%
81%
ブラジル 25万 0.10%
81%
ドイツ 23万 0.30%
80%
シンガポール 190万 32.20%
77%
台湾 490万 21.20%
75%
オーストラリア 72万 2.90%
73%
スリランカ 1540万 68.60%
70%
香港 100万 13.30%
45%
アラブ首長国連邦 21万 2.40%
19%
クウェート 18万 5.40%
9%
No matching quizzes found
Score Distribution
Percent of People with Each Score
Percentile by Number Answered
Your Score History
You have not taken this quiz